[Event "Agzamov Memorial"]
[Site "Tashkent"]
[Date "1986.??.??"]
[Round "8"]
[White "Lerner, Konstantin"]
[Black "Oll, Lembit"]
[Result "1-0"]
[WhiteElo "2530"]
[BlackElo "2405"]
[PlyCount "251"]
[EventDate "1986.??.??"]
[EventType "tourn"]
[EventRounds "17"]
[EventCountry "URS"]
[EventCategory "5"]
[Source "ChessBase"]
[SourceDate "1996.11.15"]

1. d4 Nf6 2. c4 e6 3. Nc3 Bb4 4. e3 c5 5. Bd3 Nc6 6. Nf3 d5 7. O-O O-O 8. a3
Bxc3 9. bxc3 Qc7 10. Qc2 dxc4 11. Bxc4 e5 12. Bd3 Re8 13. Nxe5 Nxe5 14. dxe5
Qxe5 15. f3 Bd7 16. e4 c4 17. Be2 Bc6 18. Re1 Qc5+ 19. Kf1 Bxe4 20. fxe4 Nxe4
21. Bf3 Ng3+ 22. hxg3 Rxe1+ 23. Kxe1 Qg1+ 24. Ke2 Re8+ 25. Qe4 Rxe4+ 26. Bxe4
Qb6 27. Bf3 h6 28. g4 Qd6 29. Bd2 b5 30. Kd1 a5 31. Kc1 Kh7 32. Ra2 Qc5 33. Kb1
Qg1+ 34. Bc1 Qe1 35. Rd2 Qe5 36. Rd4 Qe1 37. Kc2 Qf2+ 38. Rd2 Qe1 39. Re2 Qf1
40. Be4+ Kg8 41. Rd2 g6 42. Bf3 Kg7 43. Rd7 Qe1 44. Bd2 Qe8 45. Rd5 Kh7 46. Bf4
Kg7 47. Be5+ Kh7 48. Bd4 b4 49. axb4 axb4 50. Ra5 b3+ 51. Kb2 Qe6 52. Ra8 f6
53. Ra7+ Kg8 54. Rc7 h5 55. Rc6 Qd7 56. gxh5 Qf5 57. Rxf6 Qc2+ 58. Ka3 Qc1+ 59.
Ka4 b2 60. Bd5+ Kh7 61. hxg6+ Kh6 62. Be4 Qa1+ 63. Kb5 b1=Q+ 64. Bxb1 Qxb1+ 65.
Kc5 Qb8 66. g7+ Kh7 67. Rf8 Qc7+ 68. Kd5 Qd7+ 69. Kxc4 Qc6+ 70. Kd3 Qg6+ 71.
Ke3 Qg3+ 72. Rf3 Qxg2 73. Rf2 Qg5+ 74. Kd3 Qb5+ 75. Kc2 Qa4+ 76. Kb2 Qb5+ 77.
Kc1 Qh5 78. Kc2 Qh1 79. Re2 Qh5 80. Re5 Qf7 81. Rb5 Qe8 82. Re5 Qf7 83. Kb2
Qb7+ 84. Ka3 Qa6+ 85. Kb4 Qb7+ 86. Rb5 Qe7+ 87. Kb3 Qe2 88. Rg5 Kg8 89. Rd5
Qd1+ 90. Kb4 Qb1+ 91. Kc5 Qb8 92. c4 Qc7+ 93. Kb5 Qc8 94. Be5 Qb7+ 95. Ka4 Kh7
96. Bc3 Qf7 97. Kb3 Qb7+ 98. Rb5 Qh1 99. Rd5 Qb1+ 100. Bb2 Qh1 101. Kb4 Qe1+
102. Bc3 Qe7+ 103. Kb3 Qb7+ 104. Rb5 Qh1 105. Rd5 Qb1+ 106. Ka4 Qg6 107. Bd4
Qf7 108. Kb4 Qe7+ 109. Kb3 Qb7+ 110. Kc3 Qf7 111. Rd6 Qf3+ 112. Kb4 Qb7+ 113.
Rb6 Qe7+ 114. Kb3 Qh4 115. Be5 Qh1 116. Rb8 Qd1+ 117. Kb4 Qe1+ 118. Ka4 Qd1+
119. Ka5 Qd2+ 120. Kb5 Qd7+ 121. Kc5 Qd1 122. Kb4 Qe1+ 123. Ka4 Qd1+ 124. Ka5
Qd2+ 125. Kb5 Qd7+ 126. Kc5 1-0

[Event "Agzamov Memorial"]
[Site "Tashkent"]
[Date "1986.??.??"]
[Round "10"]
[White "Goldin, Alexander"]
[Black "Oll, Lembit"]
[Result "0-1"]
[WhiteElo "2390"]
[BlackElo "2405"]
[PlyCount "52"]
[EventDate "1986.??.??"]
[EventType "tourn"]
[EventRounds "17"]
[EventCountry "URS"]
[EventCategory "5"]
[Source "ChessBase"]
[SourceDate "1996.11.15"]

1. d4 Nf6 2. c4 e6 3. g3 d5 4. Bg2 dxc4 5. Qa4+ Nbd7 6. Nf3 a6 7. Nc3 Rb8 8.
Qxc4 b5 9. Qd3 Bb7 10. O-O c5 11. Rd1 Qb6 12. Be3 Be7 13. a4 O-O 14. axb5 axb5
15. dxc5 Bxc5 16. Bd4 e5 17. Bxc5 Nxc5 18. Qf5 b4 19. Na4 Nxa4 20. Rxa4 Be4 21.
Qxe5 Ng4 22. Qf4 Qxf2+ 23. Kh1 Ne3 24. Rg1 Bc6 25. Ra6 Bb7 26. Raa1 Qxe2 0-1

[Event "Agzamov Memorial"]
[Site "Tashkent"]
[Date "1986.??.??"]
[Round "11"]
[White "Oll, Lembit"]
[Black "Yermolinsky, Alex"]
[Result "1/2-1/2"]
[WhiteElo "2405"]
[BlackElo "2445"]
[PlyCount "60"]
[EventDate "1986.??.??"]
[EventType "tourn"]
[EventRounds "17"]
[EventCountry "URS"]
[EventCategory "5"]
[Source "ChessBase"]
[SourceDate "1996.11.15"]

1. d4 Nf6 2. c4 e5 3. dxe5 Ng4 4. Nf3 Bb4+ 5. Nbd2 Nc6 6. a3 Bxd2+ 7. Bxd2
Ngxe5 8. Nxe5 Nxe5 9. Bc3 Qe7 10. e3 d6 11. Be2 O-O 12. O-O Bf5 13. Qd2 Rfe8
14. Rac1 Rad8 15. Rfe1 Qh4 16. Qd4 Qxd4 17. Bxd4 c5 18. Bc3 Nd3 19. Bxd3 Bxd3
20. b3 d5 21. cxd5 Rxd5 22. f3 b6 23. e4 Rd7 24. Kf2 Red8 25. Red1 a5 26. Rd2
Bb5 27. Rcd1 Rxd2+ 28. Rxd2 Rxd2+ 29. Bxd2 a4 30. bxa4 Bxa4 1/2-1/2

[Event "Agzamov Memorial"]
[Site "Tashkent"]
[Date "1986.??.??"]
[Round "15"]
[White "Rashkovsky, Nukhim"]
[Black "Oll, Lembit"]
[Result "1/2-1/2"]
[WhiteElo "2420"]
[BlackElo "2405"]
[PlyCount "86"]
[EventDate "1986.??.??"]
[EventType "tourn"]
[EventRounds "17"]
[EventCountry "URS"]
[EventCategory "5"]
[Source "ChessBase"]
[SourceDate "1996.11.15"]

1. d4 Nf6 2. c4 e6 3. Nc3 Bb4 4. Nf3 c5 5. g3 Nc6 6. Bg2 Ne4 7. Qd3 cxd4 8.
Nxd4 Nxc3 9. bxc3 Ne5 10. Qc2 Bc5 11. Qa4 O-O 12. Nb3 Be7 13. c5 d5 14. cxd6
Bxd6 15. Bf4 Ng6 16. Bxd6 Qxd6 17. Qb4 Qc7 18. Qa5 Qxa5 19. Nxa5 Rb8 20. O-O-O
Ne5 21. f4 b6 22. Nb3 Nc4 23. Rd4 b5 24. Bc6 e5 25. Rd5 Rb6 26. Bxb5 Nd6 27.
Bd3 Bb7 28. e4 Bxd5 29. exd5 exf4 30. gxf4 Rc8 31. Kc2 Rb4 32. Rf1 Kf8 33. f5
Ke7 34. f6+ gxf6 35. Na5 Rh4 36. Nc6+ Kd7 37. Rxf6 Rxh2+ 38. Kb3 Rg8 39. Rf3
Kc7 40. c4 f5 41. Kc3 Kb6 42. Nd4 Rxa2 43. Rh3 Rc8 1/2-1/2

[Event "Agzamov Memorial"]
[Site "Tashkent"]
[Date "1986.??.??"]
[Round "17"]
[White "Yurtaev, Leonid"]
[Black "Oll, Lembit"]
[Result "1/2-1/2"]
[WhiteElo "2455"]
[BlackElo "2405"]
[PlyCount "33"]
[EventDate "1986.??.??"]
[EventType "tourn"]
[EventRounds "17"]
[EventCountry "URS"]
[EventCategory "5"]
[Source "ChessBase"]
[SourceDate "1996.11.15"]

1. e4 c5 2. Nf3 d6 3. Bb5+ Nc6 4. O-O Bd7 5. Re1 Nf6 6. c3 a6 7. Bxc6 Bxc6 8.
d4 Bxe4 9. Bg5 Bd5 10. Nbd2 e6 11. c4 Bxf3 12. Qxf3 cxd4 13. Qxb7 Qc8 14. Qb6
Qc5 15. Qb7 Qc8 16. Qb6 Qc5 17. Qb7 1/2-1/2

[Event "Minsk tt"]
[Site "Minsk"]
[Date "1986.??.??"]
[Round "?"]
[White "Oll, Lembit"]
[Black "Novikov, Igor"]
[Result "1/2-1/2"]
[WhiteElo "2405"]
[BlackElo "2490"]
[PlyCount "77"]
[EventDate "1986.??.??"]
[EventType "team"]
[EventRounds "9"]
[EventCountry "URS"]
[Source "ChessBase"]
[SourceDate "2002.11.25"]

1. e4 c5 2. Nf3 d6 3. d4 cxd4 4. Nxd4 Nf6 5. Nc3 a6 6. f4 e5 7. Nf3 Nbd7 8. a4
Qc7 9. Bd3 Be7 10. O-O O-O 11. Kh1 Nc5 12. Qe1 Re8 13. fxe5 dxe5 14. Qg3 Bd8
15. Nh4 Kh8 16. Nf5 Bxf5 17. Rxf5 Qc6 18. Be3 Nxd3 19. cxd3 Qd7 20. Bg5 Ng8 21.
Bxd8 Raxd8 22. Rxe5 Rxe5 23. Qxe5 Qxd3 24. Nd5 f6 25. Qc7 Re8 26. Nc3 Re7 27.
Qb6 Rd7 28. h3 Qc2 29. Rg1 h6 30. a5 Kh7 31. Qe6 Re7 32. Qf5+ g6 33. Qc8 Qxb2
34. Rb1 Qc2 35. Rxb7 Qc1+ 36. Kh2 Qf4+ 37. Kh1 Qf1+ 38. Kh2 Qf4+ 39. Kh1
1/2-1/2

[Event "URS-ch otbor"]
[Site "Pinsk"]
[Date "1986.??.??"]
[Round "?"]
[White "Grigoryan, Karen"]
[Black "Oll, Lembit"]
[Result "1/2-1/2"]
[WhiteElo "2405"]
[BlackElo "2405"]
[PlyCount "120"]
[EventDate "1986.??.??"]
[EventType "swiss"]
[EventRounds "11"]
[EventCountry "URS"]
[Source "ChessBase"]
[SourceDate "1999.11.16"]

1. c4 Nf6 2. Nc3 c5 3. Nf3 b6 4. e3 Bb7 5. d4 cxd4 6. exd4 e6 7. a3 d5 8. cxd5
Nxd5 9. Bb5+ Bc6 10. Bd3 Nd7 11. O-O Be7 12. Re1 O-O 13. Bc2 Qc7 14. Qd3 g6 15.
Bh6 Rfc8 16. Bb3 Nxc3 17. Qxc3 Bf6 18. Qe3 Qb7 19. Qf4 Bd5 20. Bxd5 Qxd5 21.
Ne5 Bxe5 22. dxe5 Rc4 23. Qg5 f6 24. exf6 Qxg5 25. Bxg5 Kf7 26. Re3 Rc5 27. Bf4
Rac8 28. Ree1 Nxf6 29. h3 Rc2 30. Be5 Nd5 31. Rad1 g5 32. Kf1 Kg6 33. Bd4 R8c6
34. g3 h5 35. Re5 h4 36. Rde1 Rd2 37. Rxe6+ Rxe6 38. Rxe6+ Kf7 39. Re4 hxg3 40.
fxg3 Nf6 41. Bxf6 Kxf6 42. Rb4 Rh2 43. h4 gxh4 44. gxh4 Kg6 45. Kg1 Rc2 46. Rb5
Kh6 47. Kf1 Rh2 48. h5 Kg7 49. Ke1 Kf6 50. Kd1 Ke6 51. Kc1 Kd6 52. Kb1 Ke6 53.
Ka2 Rh3 54. a4 Kd6 55. b3 Rh2+ 56. Ka3 Kc6 57. Rg5 a5 58. Rg6+ Kc5 59. h6 b5
60. axb5 Kxb5 1/2-1/2

[Event "URS-ch otbor"]
[Site "Pinsk"]
[Date "1986.??.??"]
[Round "?"]
[White "Kupreichik, Viktor"]
[Black "Oll, Lembit"]
[Result "1/2-1/2"]
[WhiteElo "2490"]
[BlackElo "2405"]
[PlyCount "126"]
[EventDate "1986.??.??"]
[EventType "swiss"]
[EventRounds "11"]
[EventCountry "URS"]
[Source "ChessBase"]
[SourceDate "1999.11.16"]

1. c4 Nf6 2. Nf3 e6 3. g3 d5 4. Bg2 Be7 5. O-O O-O 6. d4 b6 7. Nc3 Bb7 8. cxd5
exd5 9. Bf4 Na6 10. Rc1 c5 11. Ne5 Nc7 12. dxc5 bxc5 13. Nc4 Rb8 14. Bxc7 Qxc7
15. Nxd5 Bxd5 16. Bxd5 Rbd8 17. e4 Nxe4 18. Qf3 Ng5 19. Qg2 Bf6 20. h4 Ne6 21.
Bxe6 fxe6 22. Rce1 Bd4 23. Kh2 Qf7 24. f3 e5 25. b3 Qd5 26. Qe2 Bc3 27. Rd1 Qc6
28. Kg2 Rxd1 29. Rxd1 Bd4 30. Re1 Bc3 31. Qe4 Qxe4 32. Rxe4 Rd8 33. Re3 Ba1 34.
Kf2 Rd5 35. Ke2 Kf7 36. Re4 Bc3 37. Re3 Bd4 38. Rd3 Ke6 39. Nd2 Rd7 40. Nc4 Rf7
41. Rd1 Rf6 42. Nd2 Kd5 43. Rc1 Ra6 44. Rc2 h5 45. Ne4 Ra3 46. Kd3 Ra6 47. Rg2
Rc6 48. g4 hxg4 49. Rxg4 g6 50. Rg5 Ra6 51. f4 Rxa2 52. fxe5 Rh2 53. e6+ Kxe6
54. Rxg6+ Kd5 55. Rg5+ Be5 56. Nf6+ Ke6 57. Rxe5+ Kxf6 58. Rh5 Kg6 59. Rh8 Kg7
60. Ra8 Rxh4 61. Rxa7+ Kf6 62. Rc7 Rb4 63. Kc3 Rb5 1/2-1/2

[Event "URS-ch otbor"]
[Site "Pinsk"]
[Date "1986.??.??"]
[Round "?"]
[White "Oll, Lembit"]
[Black "Klovans, Janis"]
[Result "1-0"]
[WhiteElo "2405"]
[BlackElo "2420"]
[PlyCount "125"]
[EventDate "1986.??.??"]
[EventType "swiss"]
[EventRounds "11"]
[EventCountry "URS"]
[Source "ChessBase"]
[SourceDate "1999.11.16"]

1. e4 e5 2. Nf3 Nc6 3. Bb5 a6 4. Ba4 Nf6 5. O-O Be7 6. Re1 b5 7. Bb3 d6 8. c3
O-O 9. h3 Bb7 10. d4 Re8 11. a4 h6 12. Nbd2 Bf8 13. Bc2 exd4 14. cxd4 Nb4 15.
Bb1 bxa4 16. Rxa4 a5 17. Ra3 Ra6 18. d5 g6 19. Nc4 c6 20. Qa4 cxd5 21. Nxa5
dxe4 22. Qxb4 exf3 23. Nxb7 Qb6 24. Bd2 Qxb4 25. Bxb4 Rb6 26. Rxe8 Nxe8 27. Bc3
Rxb7 28. Be4 Re7 29. Bxf3 Bg7 30. Kf1 Bxc3 31. Rxc3 Kf8 32. Rc8 Rc7 33. Rb8 Ke7
34. Ke2 Nf6 35. Rb7 Rxb7 36. Bxb7 Nd7 37. Ke3 Nb6 38. Kd4 Kd7 39. Bd5 f6 40. h4
Ke7 41. g4 g5 42. h5 Kd7 43. Be4 Ke6 44. Bf5+ Ke7 45. b4 Kf7 46. Bc2 Ke6 47.
Bf5+ Ke7 48. Bh7 Kf7 49. b5 Ke6 50. Bg8+ Kd7 51. Bh7 Ke6 52. Bc2 Ke7 53. Bb3
Nd7 54. Kd5 Ne5 55. Bc2 Nxg4 56. b6 Ne5 57. b7 Nd7 58. Bf5 Nb8 59. Bh3 Na6 60.
Kc6 d5 61. Kb6 Nb8 62. Kc7 Na6+ 63. Kc8 1-0

[Event "URS-ch otbor"]
[Site "Pinsk"]
[Date "1986.??.??"]
[Round "?"]
[White "Oll, Lembit"]
[Black "Smagin, Sergey"]
[Result "1/2-1/2"]
[WhiteElo "2405"]
[BlackElo "2495"]
[PlyCount "32"]
[EventDate "1986.??.??"]
[EventType "swiss"]
[EventRounds "11"]
[EventCountry "URS"]
[Source "ChessBase"]
[SourceDate "1999.11.16"]

1. d4 d5 2. c4 c6 3. Nc3 Nf6 4. cxd5 cxd5 5. Bf4 Nc6 6. e3 Bf5 7. Nf3 e6 8. Bb5
Nd7 9. O-O Be7 10. Ne5 Ncxe5 11. Bxe5 O-O 12. Bg3 Nb6 13. Bd3 Bxd3 14. Qxd3 Bd6
15. Rac1 Bxg3 16. hxg3 Qd7 1/2-1/2

[Event "URS-ch otbor"]
[Site "Pinsk"]
[Date "1986.??.??"]
[Round "?"]
[White "Oll, Lembit"]
[Black "Sveshnikov, Evgeny"]
[Result "1/2-1/2"]
[WhiteElo "2405"]
[BlackElo "2560"]
[PlyCount "56"]
[EventDate "1986.??.??"]
[EventType "swiss"]
[EventRounds "11"]
[EventCountry "URS"]
[Source "ChessBase"]
[SourceDate "1999.11.16"]

1. d4 d5 2. c4 e6 3. Nf3 Nf6 4. Nc3 c6 5. Bg5 h6 6. Bxf6 Qxf6 7. g3 Nd7 8. Bg2
Qd8 9. O-O Be7 10. Qd3 O-O 11. e4 dxc4 12. Qxc4 Nb6 13. Qe2 c5 14. Rfd1 Bd7 15.
dxc5 Bxc5 16. Ne5 Qe7 17. Nxd7 Nxd7 18. e5 Rab8 19. Ne4 Rfd8 20. Rac1 Bb6 21.
Nd6 Nxe5 22. Qxe5 Bc7 23. Nf5 Rxd1+ 24. Rxd1 Bxe5 25. Nxe7+ Kf8 26. Rd7 Ke8 27.
Rxb7 Rxb7 28. Bxb7 Kxe7 1/2-1/2

[Event "URS-ch1"]
[Site "Soviet Union"]
[Date "1985.??.??"]
[Round "?"]
[White "Oll, Lembit"]
[Black "Malaniuk, Vladimir"]
[Result "0-1"]
[WhiteElo "2400"]
[BlackElo "2490"]
[PlyCount "74"]
[EventDate "1986.??.??"]
[EventType "swiss"]
[EventRounds "13"]
[EventCountry "URS"]
[Source "ChessBase"]
[SourceDate "2007.11.25"]

1. d4 Nf6 2. c4 d6 3. Nf3 Nbd7 4. Nc3 c6 5. e4 e5 6. Be2 Be7 7. O-O a6 8. Rb1
O-O 9. Re1 Re8 10. Bf1 Qc7 11. b4 exd4 12. Nxd4 h6 13. Bf4 Ne5 14. Rc1 Bf8 15.
h3 Bd7 16. Bh2 Qb6 17. f4 Ng6 18. Rb1 Qa7 19. Kh1 Rad8 20. Nf3 b5 21. f5 Ne5
22. Nxe5 dxe5 23. Qf3 a5 24. Bg1 Qa8 25. a3 axb4 26. axb4 bxc4 27. Bxc4 Rb8 28.
b5 cxb5 29. Nxb5 Qa4 30. Qd3 Rec8 31. Nc3 Rxb1 32. Nxa4 Rxe1 33. Nb6 Rd8 34.
Qb3 Be8 35. Kh2 Rdd1 36. Bf2 Rh1+ 37. Kg3 Nxe4+ 0-1

[Event "URS-ch1"]
[Site "Soviet Union"]
[Date "1986.??.??"]
[Round "?"]
[White "Arbakov, Valentin"]
[Black "Oll, Lembit"]
[Result "1-0"]
[WhiteElo "2420"]
[BlackElo "2410"]
[PlyCount "79"]
[EventDate "1986.??.??"]
[EventType "swiss"]
[EventRounds "13"]
[EventCountry "URS"]
[Source "ChessBase"]
[SourceDate "2007.11.25"]

1. d4 Nf6 2. c4 g6 3. Nc3 Bg7 4. e4 d6 5. Nf3 O-O 6. Be2 e5 7. O-O Nc6 8. d5
Ne7 9. Ne1 Nd7 10. Be3 f5 11. f3 f4 12. Bf2 g5 13. Rc1 Rf6 14. g4 h5 15. h3 Rh6
16. Kg2 Ng6 17. Nd3 Kf7 18. c5 a6 19. Qb3 Nf6 20. Rh1 Rb8 21. Na4 Bd7 22. cxd6
cxd6 23. Nb6 Bb5 24. a4 Bxd3 25. Bxd3 Ne7 26. Qc3 Qh8 27. Qc7 hxg4 28. hxg4
Rxh1 29. Rxh1 Qd8 30. Qxd8 Rxd8 31. Rc1 Ne8 32. b4 Ng6 33. Kf1 Bf6 34. Ke2 Nh4
35. b5 axb5 36. Bxb5 Rb8 37. Bd7 Bd8 38. Be6+ Ke7 39. Nc8+ Kf8 40. Rb1 1-0

[Event "URS-ch1"]
[Site "Soviet Union"]
[Date "1986.??.??"]
[Round "?"]
[White "Chekhov, Valery"]
[Black "Oll, Lembit"]
[Result "1/2-1/2"]
[WhiteElo "2500"]
[BlackElo "2410"]
[PlyCount "53"]
[EventDate "1986.??.??"]
[EventType "swiss"]
[EventRounds "13"]
[EventCountry "URS"]
[Source "ChessBase"]
[SourceDate "2007.11.25"]

1. d4 Nf6 2. c4 e6 3. Nc3 Bb4 4. e3 c5 5. Bd3 Nc6 6. Nge2 cxd4 7. exd4 d5 8.
O-O O-O 9. a3 dxc4 10. Bxc4 Be7 11. Qd3 b6 12. Rd1 Bb7 13. Qh3 Na5 14. Ba2 Rc8
15. Nf4 Bd6 16. Nh5 Nxh5 17. Qxh5 Nc4 18. Rd3 Qf6 19. Bb1 Qg6 20. Qh3 f5 21. b3
Na5 22. Ba2 Be4 23. Nxe4 fxe4 24. Rd1 Rf3 25. g3 Nxb3 26. Rb1 Rxc1 27. Rdxc1
1/2-1/2

[Event "URS-ch1"]
[Site "Soviet Union"]
[Date "1986.??.??"]
[Round "?"]
[White "Oll, Lembit"]
[Black "Gufeld, Eduard"]
[Result "1/2-1/2"]
[WhiteElo "2420"]
[BlackElo "2480"]
[PlyCount "48"]
[EventDate "1986.??.??"]
[EventType "swiss"]
[EventRounds "13"]
[EventCountry "URS"]
[Source "ChessBase"]
[SourceDate "2007.11.25"]

1. d4 Nf6 2. c4 g6 3. Nc3 Bg7 4. e4 d6 5. Nf3 O-O 6. Be2 e5 7. O-O Nc6 8. d5
Ne7 9. Ne1 Nd7 10. Be3 f5 11. f3 f4 12. Bf2 g5 13. a4 Ng6 14. a5 Rf7 15. b4 Nf6
16. c5 Bf8 17. c6 h5 18. cxb7 Bxb7 19. Nd3 g4 20. b5 g3 21. hxg3 fxg3 22. Bxg3
h4 23. Bf2 Nh5 24. Be3 h3 1/2-1/2

[Event "URS-ch1"]
[Site "Soviet Union"]
[Date "1986.??.??"]
[Round "?"]
[White "Oll, Lembit"]
[Black "Zagrebelny, Sergey"]
[Result "1-0"]
[WhiteElo "2400"]
[BlackElo "2290"]
[PlyCount "57"]
[EventDate "1986.??.??"]
[EventType "swiss"]
[EventRounds "13"]
[EventCountry "URS"]
[Source "ChessBase"]
[SourceDate "2007.11.25"]

1. d4 Nf6 2. c4 d6 3. Nc3 Nbd7 4. Nf3 c6 5. e4 e5 6. g3 Be7 7. Bg2 O-O 8. O-O
a6 9. h3 b5 10. c5 Bb7 11. cxd6 Bxd6 12. Be3 Re8 13. Rc1 exd4 14. Nxd4 Bf8 15.
Nf5 b4 16. Na4 Nxe4 17. Qg4 g6 18. Nh6+ Bxh6 19. Bxh6 Ndf6 20. Qh4 Re5 21. Qf4
Qe7 22. Rfe1 c5 23. Nxc5 Rf5 24. Bxe4 Bxe4 25. Rxe4 Qa7 26. Qd6 Nxe4 27. Nxe4
Qb8 28. Rc7 Qd8 29. Qxd8+ 1-0

[Event "URS-ch1"]
[Site "Soviet Union"]
[Date "1986.??.??"]
[Round "?"]
[White "Yermolinsky, Alex"]
[Black "Oll, Lembit"]
[Result "1/2-1/2"]
[WhiteElo "2450"]
[BlackElo "2420"]
[PlyCount "29"]
[EventDate "1986.??.??"]
[EventType "swiss"]
[EventRounds "13"]
[EventCountry "URS"]
[Source "ChessBase"]
[SourceDate "2007.11.25"]

1. Nf3 c5 2. c4 Nf6 3. Nc3 b6 4. e3 Bb7 5. d4 cxd4 6. exd4 e6 7. a3 d5 8. Ne5
a6 9. cxd5 Nxd5 10. Qh5 g6 11. Qf3 f6 12. Ng4 Bg7 13. Bc4 O-O 14. O-O Qd7 15.
Qh3 1/2-1/2

[Event "URS-ch U20"]
[Site "Tallinn"]
[Date "1986.??.??"]
[Round "?"]
[White "Bareev, Evgeny"]
[Black "Oll, Lembit"]
[Result "0-1"]
[WhiteElo "2365"]
[BlackElo "2405"]
[PlyCount "70"]
[EventDate "1986.01.??"]
[EventType "tourn"]
[EventRounds "15"]
[EventCountry "URS"]
[EventCategory "8"]
[Source "ChessBase"]
[SourceDate "1998.11.10"]

1. d4 Nf6 2. c4 g6 3. Nf3 Bg7 4. g3 O-O 5. Bg2 d6 6. O-O Nc6 7. d5 Na5 8. Nfd2
c5 9. Nc3 e5 10. a3 b6 11. b4 Nb7 12. Bb2 Ng4 13. h3 Nh6 14. e3 Qe7 15. Kh2 Bd7
16. Qc2 Nf5 17. Rab1 h5 18. Nce4 Rac8 19. Qd3 Nh6 20. bxc5 Nxc5 21. Nxc5 Rxc5
22. Bc3 f5 23. Bb4 e4 24. Qb3 Rc7 25. a4 h4 26. a5 Be5 27. axb6 axb6 28. Bc3
hxg3+ 29. fxg3 Ng4+ 30. hxg4 Qh4+ 31. Kg1 Bxg3 32. Nf3 exf3 33. Rxf3 Qh2+ 34.
Kf1 Rcc8 35. Qc2 Rxc4 0-1

[Event "URS-ch U20"]
[Site "Tallinn"]
[Date "1986.??.??"]
[Round "?"]
[White "Dreev, Alexey"]
[Black "Oll, Lembit"]
[Result "1/2-1/2"]
[WhiteElo "2450"]
[BlackElo "2405"]
[PlyCount "95"]
[EventDate "1986.01.??"]
[EventType "tourn"]
[EventRounds "15"]
[EventCountry "URS"]
[EventCategory "8"]
[Source "ChessBase"]
[SourceDate "1998.11.10"]

1. d4 Nf6 2. Nf3 e6 3. c4 b6 4. Nc3 Bb7 5. a3 d5 6. cxd5 Nxd5 7. Qc2 Nxc3 8.
Qxc3 Bd6 9. g3 O-O 10. Bg2 Nd7 11. O-O Nf6 12. Bg5 h6 13. Bxf6 Qxf6 14. Nd2
Bxg2 15. Kxg2 Rfd8 16. Rfd1 Bf8 17. Ne4 Qf5 18. Qf3 Qxf3+ 19. Kxf3 Rac8 20.
Rac1 c5 21. dxc5 f5 22. Nc3 Bxc5 23. Rxd8+ Rxd8 24. Nb5 a5 25. Rc2 Kf7 26. e3
Kf6 27. Ke2 g5 28. Nc3 Be7 29. Rd2 Rc8 30. Rd3 Rc5 31. Kd2 Rc7 32. Rd4 g4 33.
Kd3 Ke5 34. Rc4 Bc5 35. Kc2 Rd7 36. h3 h5 37. h4 Rd8 38. Ne2 Kd5 39. Nc3+ Ke5
40. Ra4 Rc8 41. Kd2 Rd8+ 42. Ke1 Rd7 43. Ne2 Kf6 44. Rc4 e5 45. Nc3 Ke6 46. Na4
Kd5 47. Rc2 Rf7 48. Ke2 1/2-1/2

[Event "URS-ch U20"]
[Site "Tallinn"]
[Date "1986.??.??"]
[Round "?"]
[White "Epishin, Vladimir"]
[Black "Oll, Lembit"]
[Result "0-1"]
[WhiteElo "2350"]
[BlackElo "2405"]
[PlyCount "50"]
[EventDate "1986.01.??"]
[EventType "tourn"]
[EventRounds "15"]
[EventCountry "URS"]
[EventCategory "8"]
[Source "ChessBase"]
[SourceDate "1998.11.10"]

1. d4 Nf6 2. Nf3 e6 3. c4 c5 4. e3 cxd4 5. exd4 d5 6. Nc3 Nc6 7. a3 Be7 8. c5
Ne4 9. Na4 Bf6 10. Be2 O-O 11. O-O e5 12. Be3 Re8 13. dxe5 Nxe5 14. Nd4 Nc4 15.
Bxc4 dxc4 16. Qc2 Nxf2 17. Bxf2 Bxd4 18. Qxc4 Re4 19. Kh1 Be6 20. Qc2 Rg4 21.
h3 Rxg2 22. Kxg2 Bd5+ 23. Kh2 Be5+ 24. Bg3 Bxg3+ 25. Kg1 Qg5 0-1

[Event "URS-ch U20"]
[Site "Tallinn"]
[Date "1986.??.??"]
[Round "?"]
[White "Malisauskas, Vidmantas"]
[Black "Oll, Lembit"]
[Result "0-1"]
[WhiteElo "2385"]
[BlackElo "2405"]
[PlyCount "82"]
[EventDate "1986.01.??"]
[EventType "tourn"]
[EventRounds "15"]
[EventCountry "URS"]
[EventCategory "8"]
[Source "ChessBase"]
[SourceDate "1998.11.10"]

1. e4 c5 2. Nf3 d6 3. d4 cxd4 4. Nxd4 Nf6 5. Nc3 a6 6. Be2 e6 7. f4 Be7 8. O-O
Qc7 9. a4 O-O 10. Kh1 Rd8 11. Qe1 b6 12. Bf3 Bb7 13. Be3 Nbd7 14. Bf2 Rac8 15.
Rd1 Ba8 16. Bg3 Nc5 17. Qe3 h6 18. Qe2 Bb7 19. h3 d5 20. e5 Nfe4 21. Bxe4 Nxe4
22. Nxe4 dxe4 23. f5 Qc4 24. Qf2 e3 25. Qxe3 Bc5 26. c3 Bxd4 27. cxd4 exf5 28.
Bh4 Rd7 29. Qg3 Rxd4 30. Bf6 g6 31. Kh2 Rxd1 32. Rxd1 Qxa4 33. Rd2 Qe4 34. Qf2
g5 35. Rd4 Rc2 36. Rd2 Rxd2 37. Qxd2 Kh7 38. Kg1 Kg6 39. Bh8 Bd5 40. Bf6 b5 41.
b4 f4 0-1

[Event "URS-ch U20"]
[Site "Tallinn"]
[Date "1986.??.??"]
[Round "?"]
[White "Oll, Lembit"]
[Black "Azmaiparashvili, Zurab"]
[Result "1/2-1/2"]
[WhiteElo "2405"]
[BlackElo "2465"]
[PlyCount "32"]
[EventDate "1986.01.??"]
[EventType "tourn"]
[EventRounds "15"]
[EventCountry "URS"]
[EventCategory "8"]
[Source "ChessBase"]
[SourceDate "1998.11.10"]

1. e4 d6 2. d4 g6 3. Nc3 Bg7 4. Be3 a6 5. g3 b5 6. Bg2 Bb7 7. Nge2 Nd7 8. O-O
c5 9. a3 Rc8 10. Qd2 Qc7 11. Nd5 Qb8 12. dxc5 Nxc5 13. Nec3 Bxd5 14. exd5 Nf6
15. Rfe1 O-O 16. Bd4 Rfe8 1/2-1/2

[Event "URS-ch U20"]
[Site "Tallinn"]
[Date "1986.??.??"]
[Round "?"]
[White "Oll, Lembit"]
[Black "Dokhoian, Yury"]
[Result "1-0"]
[WhiteElo "2405"]
[BlackElo "1970"]
[PlyCount "79"]
[EventDate "1986.01.??"]
[EventType "tourn"]
[EventRounds "15"]
[EventCountry "URS"]
[EventCategory "8"]
[Source "ChessBase"]
[SourceDate "2001.11.25"]

1. e4 c5 2. Nf3 e6 3. d4 cxd4 4. Nxd4 Nc6 5. Nc3 a6 6. Be2 d6 7. O-O Nf6 8. Be3
Be7 9. f4 O-O 10. a4 Qc7 11. Kh1 Re8 12. Bf3 Bd7 13. Nb3 Na5 14. e5 Nxb3 15.
exf6 Nxa1 16. fxe7 Nxc2 17. Qxc2 f5 18. Qb3 Bc8 19. Re1 Qxe7 20. Bd4 Rb8 21.
Qb6 Bd7 22. Nd5 Qd8 23. Nc7 Re7 24. Qxd6 Bc6 25. Be5 Qxd6 26. Bxd6 Rd7 27. Be5
Bxf3 28. gxf3 Rc8 29. Nxe6 Rc2 30. Bc3 Re7 31. Re5 g6 32. a5 Rd7 33. Nd4 Rc1+
34. Kg2 Rd1 35. Nb3 Kf7 36. Nc5 Re7 37. Rxe7+ Kxe7 38. Nxb7 Rd7 39. Nc5 Ra7 40.
Be5 1-0

[Event "URS-ch U20"]
[Site "Tallinn"]
[Date "1986.??.??"]
[Round "?"]
[White "Oll, Lembit"]
[Black "Ehlvest, Jaan"]
[Result "1-0"]
[WhiteElo "2405"]
[BlackElo "2465"]
[PlyCount "115"]
[EventDate "1986.01.??"]
[EventType "tourn"]
[EventRounds "15"]
[EventCountry "URS"]
[EventCategory "8"]
[Source "ChessBase"]
[SourceDate "1998.11.10"]

1. e4 c5 2. Nf3 e6 3. d4 cxd4 4. Nxd4 Nc6 5. Nc3 a6 6. Be2 d6 7. O-O Nf6 8. Be3
Be7 9. f4 O-O 10. a4 Re8 11. Kh1 Qc7 12. Bf3 Rb8 13. Qd2 Na5 14. Qf2 Nc4 15.
Bc1 Bf8 16. b3 Na5 17. Bb2 e5 18. fxe5 dxe5 19. Qg3 Bd6 20. Nde2 Nc6 21. Bc1
Nb4 22. Bg5 Be7 23. Rad1 Kh8 24. Rd2 h6 25. Be3 Bc5 26. Nd1 b6 27. c3 Nc6 28.
b4 Bf8 29. Qf2 a5 30. b5 Ne7 31. Ng3 g6 32. Be2 Neg8 33. c4 Be6 34. Rc2 Qb7 35.
Nc3 Rec8 36. Nd5 Nxd5 37. exd5 Bxd5 38. Rcc1 Be6 39. Bf3 Qa7 40. Bd5 Bxd5 41.
cxd5 Rxc1 42. Rxc1 f5 43. Rc6 Ne7 44. Bxb6 Rxb6 45. Rf6 Rb7 46. Rxf8+ Kg7 47.
Qxa7 Rxa7 48. Rd8 Ng8 49. Nf1 Nf6 50. Nd2 e4 51. Kg1 f4 52. b6 Re7 53. Nc4 e3
54. Kf1 Ng4 55. d6 Re4 56. b7 e2+ 57. Ke1 Nf2 58. Nb2 1-0